000 00429nam a2200181Ia 4500
001 22721
005 20260414150849.0
008 260414t2007||||xx |||||||||||||| ||spa||
041 _aESP
082 _a621.385
_bC13
100 _aCabezas Pozo, José Damián
_eAUT
245 0 _aSistemas de telefonía
_b
260 _c2007
300 _a355 páginas :
_cil.
650 _aTCA
654 _aCET
942 _cLIB
_dJUS
_fJUS
_2ddc
_n
999 _c22721
_d22721